000 01148nam0a22002651 4500
001 v19\rc\1782882
005 20260407063317.0
035 _a(NLR Aleph) 004876485
090 _a5134898
_c5134898
100 _a20061204d1904 |||y0rusy50 ca
101 0 _arus
102 _aRU
105 _ay z |||||
200 1 _aПротокол общего собрания пайщиков Компании Прибрежно-Витимской и Компании промышленности в разных местах Восточной Сибири, состоявшегося 30 июня 1904 года
210 _a[Санкт-Петербург]
_dценз. 1904
215 _a13 с.
_d35
309 _aБез тит. л. и обл.
710 0 2 _aПрибрежно-Витимская компания
_9559812
_3RU\NLR\AUTH\8810030604
712 0 2 _aКомпания промышленности в разных местах Восточной Сибири
_9559821
_3RU\NLR\AUTH\8810030608
801 0 _aRU
_bNLR
_gpsbo
801 0 _aRU
_bRuMoRGB
_2psbo
801 1 _aRU
_bProSoft-M
_2rusmarc
852 _aNLR
_j34.83.1.341
942 _cBOOK
980 _aNB